Reconstruyendo formas de organización comunitaria y rural en la Región Norte de Costa Rica: Lissy Marcela Villalobos Cubero

Сохранить в:
Библиографические подробности
Главный автор: Villalobos Cubero, Lissy Marcela (Autora)
Формат:
Язык:Spanish
Метки: Добавить метку
Нет меток, Требуется 1-ая метка записи!

MARC

LEADER 00000nam a22000007a 4500
003 cru IIS
005 20220519110427.0
008 220519s2019 cr |||p|r|||| 00| 0 spa d
040 |c cru IIS 
100 1 |9 10438  |a Villalobos Cubero, Lissy Marcela  |e Autora 
245 1 |a Reconstruyendo formas de organización comunitaria y rural en la Región Norte de Costa Rica:   |c una comparación entre las Asociaciones de Desarrollo de Aguas Zarcas y La Fortuna durante la década de 1970 /  |b Lissy Marcela Villalobos Cubero 
300 |a páginas 129-153:  |b gráficos, mapa 
500 |a Colección Centroamérica 
773 0 |0 40579  |9 6416  |a Universidad Nacional de Costa Rica  |d Heredia, Costa Rica: EUNA  |o 18098  |t Revista de Historia /  |x 10129790 
942 |2 ddc  |c PP 
999 |c 44250  |d 44250